000 00607nam a2200241Ia 4500
003 OSt
005 20221005123342.0
006 a|||||r|||| 00| 0
007 ta
008 221004b |||||||| |||| 00| 0 eng d
024 _a40429
037 _cTextual
040 _aCRL
_cCRL
_beng
041 _2eng
_aeng
082 _aO:6M031:13, D7
100 _aBorrow George
245 0 _aLavengro, the scholar, the gypsy, the priest
250 _a6th
260 _c1907
650 _aENGLISH LITERATURE
942 _hO:6M031:13, D7
_cTEXL
_2cc
999 _c1047170
_d1047170